000 00564nam a2200181 i 4500
001 28508
003 ES-MaACL
005 20230906153852.0
007 t|
008 030117s1850 sp ||||1| spa d
100 1 _aBaralt, Rafael María.
_925302
245 1 0 _aOda a Cristóbal Colón /
_cRafael María Baralt.
260 _aMadrid :
_b[s.n.],
_c1850 (
_fImp. de la calle de San Vicente, a cargo de Celestino G. Álvarez)
300 _a21 p. ;
_c20 cm.
600 1 4 _aColón, Cristóbal.
_939869
852 _aES-MaACL
_jT-374-F-3
852 _aES-MaACL
_jT-373-F-13
999 _c28508
_d28508